Tilastot visalle Väritä lippuja arvaamalla kaupunkeja

Klikkaa tästä pelataksesi tätä visaa!

Yleistilastot

  • Tätä visaa on pelattu 391 kertaa
  • Keskiarvotulos 9 / 17

Vastaukset kartalla

Vastauksille on annettu kartalla punavihreä väri sen mukaan, kuinka moni on saanut sen oikein.
 

Vastaustilastot

VäriVäkilukuKaupunki% Oikein
Valkoinen10,7 milj.Pariisi
96%
Punainen1,32 milj.Kööpenhamina
90%
Valkoinen1,11 milj.Amsterdam
81%
Vihreä4,90 milj.Milano
78%
Oranssi16,3 milj.Delhi
75%
Valkoinen3,57 milj.Napoli
68%
Valkoinen18,2 milj.Mumbai
65%
Punainen1,66 milj.Lyon
63%
Punainen11,1 milj.Dhaka
47%
Valkoinen277 t.Aarhus
41%
Sininen925 t.Bordeaux
32%
Vihreä10,4 milj.Bangalore
24%
Punainen750 t.Bari
23%
Vihreä6,02 milj.Chittagong
21%
Sininen299 t.Eindhoven
21%
Punainen213 t.Groningen
16%
Sininen2,50 milj.Nagpur
12%

Tulosjakauma

Persentiili vastausten määrän mukaan

Jokaisen tuloksen saaneiden osuus

Tuloshistoriasi

Et ole pelannut tätä visaa